Estadísticas para Máximos goleadores de la Primera División de España 2022-2023

Haz click aquí para intentar la prueba.

Estadísticas generales

  • Esta prueba ha sido intentada 52 veces
  • La puntuación promedio es 10 de 12

Estadísticas de respuestas

GolesNacionalidadEquipoJugador% Correcto
15FranciaAtlético de MadridAntoine Griezmann
100%
19FranciaReal Madrid C. F.Karim Benzema
98%
23PoloniaF. C. BarcelonaRobert Lewandowski
98%
13EspañaAtlético de MadridÁlvaro Morata
94%
12EspañaR. C. Celta de VigoIago Aspas
94%
15EspañaReal Betis BalompiéBorja Iglesias
91%
16EspañaR. C. D. EspanyolJoselu
91%
15KosovoR. C. D. MallorcaVedat Muriqi
91%
14TurquíaGetafe C. F.Enes Ünal
89%
12NoruegaReal SociedadAlexander Sørloth
87%
13ArgentinaGirona F. C.Valentín Castellanos
60%
12SenegalVillarreal C. F.Nicolas Jackson
55%

Distribución de puntuación

Porcentaje por número respondido

Porcentaje de gente con cada puntuación

Historial de tus puntuaciones

No has intentado esta prueba.